00770nam a2200229Ia 4500003000400000005001700004008004100021020001800062050002300080100002400103245006100127260003500188300003300223440000600256521000700262526000800269650002200277942001200299999001700311952010000328952011200428OSt20140312085339.0140130s9999 xx 000 0 und d a9780439120708 aPZ 7 b.Al374 2000 aAlexander, Francie. cFrancie Alexander.aDots! Dots! Dots! :bAt the museum / bScholastic Inc.,c2000.aUSA : a16 p. :bcol. ill. ;c30 cm. v1 aG2 c400 aStories in rhyme. cBK2lcc c42114d42114 00102lcc40aMUbMUcSCHOd2014-01-30l0oPZ 7 .Al374 2000pMS2602r2014-01-30 00:00:00t1yBK 00102lcc40aMUbMUcSCHOd2014-03-12l0oPZ 7 .Al374 2000pMS2523r2014-03-12 00:00:00t2w2014-03-12yBK